000 00526nam a2200205 a 4500
001 13901
003 CO-ViMGA
008 141112s2004 ck r 000 u spa d
020 _a8425502861
040 _aCO-ViMGA
_bspa
_cCO-ViMGA
082 0 4 _a796.342 M12t
100 1 _aMace, Wynn
_920269
245 1 0 _aLa tecnica del tenis
260 _aBarcelona :
_bHispano Europea,
_c1988
300 _a151
490 _aHerakles
590 _aForma de adquisición : Compra
650 1 4 _aTENIS - ENSEÑANZA
_920270
942 _2ddc
_cBK
999 _c24603
_d24603